000 00610nam a22001935i 4500
001 54210
003 ES-MaACL
007 t|
008 960714s1899 xxk ||||1| eng d
040 _aCAM
_bspa
_cCAM
100 1 _aFinger, Friedrich August.
_950894
245 1 0 _aAusgewèahlte pèadagogische schriften /
_cF. A. Finger.
260 _aLangensalza :
_bHermann Beyer & Söhne,
_c1899.
300 _a[9], [1] en bl., 355 p. ;
_c22 cm.
490 1 _aBibliothek pèadagogischer klassiker
830 0 _aBibliothek pèadagogischer klassiker
_9182509
852 _aES-MaACL
_jG-15188-9
999 _c54210
_d54210